[Event "6MCR_4D_1L_4S"]
[Site "?"]
[Date "2004.??.??"]
[Round "?"]
[White "Sochor, Frantisek"]
[Black "Nosek, Jaroslav"]
[Result "1-0"]
[WhiteElo "2278"]
[BlackElo "2266"]
[PlyCount "92"]
[EventDate "2004.??.??"]
[EventType "corr"]
[SourceDate "2004.06.03"]

1. e4 e6 2. d4 d5 3. Nd2 c5 4. exd5 Qxd5 5. Ngf3 cxd4 6. Bc4 Qd6 7. O-O Nf6 8.
Nb3 Nc6 9. Nbxd4 Nxd4 10. Nxd4 a6 11. Bb3 Be7 12. c3 O-O 13. Qf3 Qc7 14. Bg5
Rb8 15. Rad1 Rd8 16. Rfe1 h6 17. Bh4 Nd5 18. Bg3 Bd6 19. Nf5 Bxg3 20. hxg3 exf5
21. Rxd5 Be6 22. Rxd8+ Rxd8 23. Bxe6 fxe6 24. Rxe6 Qf7 25. Re5 Kh7 26. a4 Rf8
27. a5 Qf6 28. Re2 b6 29. axb6 Qxb6 30. g4 f4 31. b4 Qd6 32. Re4 Qf6 33. Rc4
Qe7 34. Qe4+ Qxe4 35. Rxe4 g5 36. c4 Rd8 37. Kf1 Kg7 38. Ke2 Kf7 39. c5 Rd5 40.
g3 fxg3 41. fxg3 a5 42. bxa5 Rxc5 43. Ra4 Ke6 44. a6 Rc8 45. a7 Ra8 46. Kd3 Kd5
1-0

[Event "6MCR_4D_1L_4S"]
[Site "?"]
[Date "2004.??.??"]
[Round "?"]
[White "Sochor, Frantisek"]
[Black "Riha, Jan"]
[Result "1/2-1/2"]
[WhiteElo "2278"]
[BlackElo "2257"]
[PlyCount "39"]
[EventDate "2004.??.??"]
[EventType "corr"]
[SourceDate "2004.06.03"]

1. e4 e5 2. Nf3 Nf6 3. Nxe5 d6 4. Nf3 Nxe4 5. Nc3 Nxc3 6. dxc3 Be7 7. Be3 O-O
8. Bd3 Nc6 9. O-O Bg4 10. Re1 Bf6 11. h3 Bh5 12. Be4 Bg6 13. Bxg6 hxg6 14. Qd3
Qd7 15. Bg5 Rae8 16. Bxf6 gxf6 17. Qb5 Ne5 18. Qxb7 Rb8 19. Nxe5 fxe5 20. Qd5
1/2-1/2

[Event "6MCR_4D_1L_4S"]
[Site "?"]
[Date "2004.??.??"]
[Round "?"]
[White "Sochor, Frantisek"]
[Black "Tejkal, Jiri"]
[Result "1-0"]
[WhiteElo "2278"]
[BlackElo "2200"]
[PlyCount "63"]
[EventDate "2004.??.??"]
[EventType "corr"]
[SourceDate "2004.06.03"]

1. e4 c5 2. Nf3 Nc6 3. d4 cxd4 4. Nxd4 Nf6 5. Nc3 d6 6. Be2 e6 7. O-O Be7 8.
Be3 O-O 9. f4 Bd7 10. Nb3 a6 11. a4 b6 12. Bf3 Rb8 13. Qe2 Qc8 14. Rad1 Rd8 15.
Qe1 Qc7 16. Qg3 e5 17. fxe5 Nxe5 18. Be2 Bc6 19. Bxa6 Nxe4 20. Nxe4 Bxe4 21.
Nd4 Bg6 22. Bb5 Rbc8 23. b3 Bf6 24. Rxf6 gxf6 25. Rf1 h5 26. h3 Kh8 27. Qf4 Qc3
28. Qxf6+ Kh7 29. Qg5 Rf8 30. Nf5 Bxf5 31. Rxf5 Ng6 32. Qh6+ 1-0

[Event "6MCR_4D_1L_4S"]
[Site "?"]
[Date "2004.??.??"]
[Round "?"]
[White "Sochor, Frantisek"]
[Black "Trita, Stanislav"]
[Result "1/2-1/2"]
[WhiteElo "2278"]
[BlackElo "2170"]
[PlyCount "70"]
[EventDate "2004.??.??"]
[EventType "corr"]
[SourceDate "2004.06.03"]

1. e4 e6 2. d4 d5 3. Nd2 dxe4 4. Nxe4 Nd7 5. Nf3 Ngf6 6. Bd3 Be7 7. Qe2 Nxe4 8.
Bxe4 O-O 9. O-O Nf6 10. Bd3 b6 11. Bf4 Bb7 12. Rad1 Qd7 13. c4 Rfd8 14. a3 h6
15. Bg3 a5 16. Rfe1 Bd6 17. Ne5 Qe7 18. Bh4 g5 19. Bg3 Qf8 20. Rd2 Rac8 21. f4
Qg7 22. fxg5 hxg5 23. Rf1 Be7 24. Bf2 Rf8 25. Bc2 Rcd8 26. Rdd1 Bd6 27. Bg3 Nd7
28. Bd3 Nf6 29. Bf2 Nd7 30. Ng4 Nf6 31. Nxf6+ Qxf6 32. c5 bxc5 33. dxc5 Bf4 34.
b4 axb4 35. axb4 Qe5 1/2-1/2

[Event "6MCR_4D_1L_4S"]
[Site "?"]
[Date "2004.??.??"]
[Round "?"]
[White "Tejkal, Jiri"]
[Black "Jordanek, Jiri"]
[Result "0-1"]
[WhiteElo "2200"]
[BlackElo "2110"]
[PlyCount "64"]
[EventDate "2004.??.??"]
[EventType "corr"]
[SourceDate "2004.06.03"]

1. d4 Nf6 2. c4 e6 3. Nf3 b6 4. a3 Bb7 5. Nc3 d5 6. cxd5 Nxd5 7. Qc2 Nxc3 8.
Qxc3 h6 9. Bf4 Bd6 10. Bg3 O-O 11. e3 Nd7 12. Bb5 Bxg3 13. hxg3 c6 14. Ba4 Rc8
15. Rd1 Qe7 16. b4 Nf6 17. Bc2 c5 18. dxc5 bxc5 19. b5 a6 20. bxa6 Bxa6 21. e4
Qc7 22. a4 Rfd8 23. Rxd8+ Rxd8 24. Rh4 Rb8 25. Nd2 Rb4 26. Kd1 e5 27. Kc1 Nd7
28. g4 Nf8 29. Rh5 f6 30. Rh3 Kh7 31. Bb3 Bc8 32. Qc2 Qa7 0-1

[Event "6MCR_4D_1L_4S"]
[Site "?"]
[Date "2004.??.??"]
[Round "?"]
[White "Tejkal, Jiri"]
[Black "Nosek, Jaroslav"]
[Result "0-1"]
[WhiteElo "2313"]
[BlackElo "2266"]
[PlyCount "60"]
[EventDate "2004.??.??"]
[EventType "corr"]
[SourceDate "2004.06.03"]

1. d4 Nf6 2. c4 e6 3. Nf3 b6 4. a3 Bb7 5. Nc3 d5 6. cxd5 Nxd5 7. Qc2 Nxc3 8.
Qxc3 h6 9. Bf4 Bd6 10. Ne5 Nd7 11. f3 Qe7 12. e4 O-O 13. Bb5 Rfd8 14. Be3 c6
15. Nxc6 Bxc6 16. Qxc6 Rac8 17. Qb7 Qh4+ 18. Kf1 Rc2 19. Be2 e5 20. Qd5 exd4
21. Bf2 Qe7 22. Bxd4 Nc5 23. Bc3 Bf4 24. Qf5 Nb3 25. Re1 Bd2 26. e5 Bxc3 27.
bxc3 Rxc3 28. e6 fxe6 29. Qe5 Nd4 30. a4 Nxe2 0-1

[Event "6MCR_4D_1L_4S"]
[Site "?"]
[Date "2004.??.??"]
[Round "?"]
[White "Tejkal, Jiri"]
[Black "Postupa, Pavel"]
[Result "1/2-1/2"]
[WhiteElo "2200"]
[BlackElo "1992"]
[PlyCount "37"]
[EventDate "2004.??.??"]
[EventType "corr"]
[SourceDate "2004.06.03"]

1. d4 Nf6 2. c4 g6 3. Nc3 d5 4. Bf4 Bg7 5. e3 O-O 6. Rc1 c5 7. dxc5 Be6 8. Nf3
Nc6 9. Be2 Ne4 10. Nd4 Nxd4 11. exd4 Nxc3 12. bxc3 dxc4 13. O-O Bd5 14. Bf3 Qd7
15. Re1 Rfe8 16. Rb1 b6 17. Be5 e6 18. Bxg7 Kxg7 19. cxb6 1/2-1/2

[Event "6MCR_4D_1L_4S"]
[Site "?"]
[Date "2004.??.??"]
[Round "?"]
[White "Tejkal, Jiri"]
[Black "Riha, Jan"]
[Result "1/2-1/2"]
[WhiteElo "2200"]
[BlackElo "2257"]
[PlyCount "56"]
[EventDate "2004.??.??"]
[EventType "corr"]
[SourceDate "2004.06.03"]

1. d4 Nf6 2. c4 e6 3. Nf3 b6 4. a3 Bb7 5. Nc3 d5 6. cxd5 Nxd5 7. Qc2 Nxc3 8.
Qxc3 h6 9. Bf4 Bd6 10. Ne5 Nd7 11. f3 Nxe5 12. dxe5 Bc5 13. e3 a5 14. Be2 Qe7
15. O-O O-O 16. Bg3 Rfd8 17. Bf2 Rd7 18. Rad1 Rad8 19. Rxd7 Qxd7 20. Rd1 Qc8
21. Rxd8+ Qxd8 22. b4 axb4 23. axb4 Be7 24. e4 c5 25. bxc5 Qc7 26. c6 Bxc6 27.
Bb5 Bc5 28. Bxc5 Bxb5 1/2-1/2

[Event "6MCR_4D_1L_4S"]
[Site "?"]
[Date "2004.??.??"]
[Round "?"]
[White "Tejkal, Jiri"]
[Black "Trita, Stanislav"]
[Result "1/2-1/2"]
[WhiteElo "2200"]
[BlackElo "2170"]
[PlyCount "79"]
[EventDate "2004.??.??"]
[EventType "corr"]
[SourceDate "2004.06.03"]

1. d4 Nf6 2. c4 g6 3. Nc3 Bg7 4. e4 d6 5. Nf3 O-O 6. Be2 e5 7. O-O Nc6 8. d5
Ne7 9. Ne1 Ne8 10. Nd3 f5 11. Bd2 Nf6 12. f3 f4 13. c5 g5 14. cxd6 cxd6 15. Nf2
h5 16. h3 Ng6 17. Qc2 Rf7 18. Rfc1 Bd7 19. a4 Rc8 20. Qd1 Be8 21. a5 Rfc7 22.
Nb5 Bxb5 23. Bxb5 g4 24. hxg4 hxg4 25. fxg4 a6 26. Bd3 Rxc1 27. Rxc1 Rxc1 28.
Qxc1 Bh6 29. b4 Bg5 30. Nh3 Bh4 31. g5 Nh7 32. Qd1 Nxg5 33. b5 Nxh3+ 34. gxh3
Qc8 35. bxa6 bxa6 36. Kg2 Kg7 37. Qc1 Qb7 38. Qc6 Qb3 39. Qc2 Qa3 40. Qc7+
1/2-1/2

[Event "6MCR_4D_1L_4S"]
[Site "?"]
[Date "2004.??.??"]
[Round "?"]
[White "Trita, Stanislav"]
[Black "Alexa, Jaroslav"]
[Result "0-1"]
[WhiteElo "2170"]
[BlackElo "2341"]
[PlyCount "74"]
[EventDate "2004.??.??"]
[EventType "corr"]
[SourceDate "2004.06.03"]

1. e4 c5 2. Nf3 d6 3. d4 cxd4 4. Nxd4 Nf6 5. Nc3 a6 6. Be2 e5 7. Nb3 Be7 8. O-O
O-O 9. Kh1 b6 10. f3 Bb7 11. Be3 b5 12. a4 b4 13. Nd5 Nxd5 14. exd5 Nd7 15. c3
bxc3 16. bxc3 Bg5 17. Bf2 Qc7 18. c4 Rfb8 19. a5 Bc8 20. Bd3 Rb4 21. Qc2 g6 22.
Ra3 Rab8 23. Qc3 Bf6 24. Bb6 Nxb6 25. Qxb4 Nxd5 26. Qd2 Nf4 27. Qc2 Nxd3 28.
Qxd3 Bf5 29. Qe2 d5 30. c5 Qc6 31. g4 Be6 32. g5 Bg7 33. Rc1 Rb5 34. Kg2 h6 35.
h4 hxg5 36. hxg5 Qb7 37. Qd1 e4 0-1

[Event "6MCR_4D_1L_4S"]
[Site "?"]
[Date "2004.??.??"]
[Round "?"]
[White "Trita, Stanislav"]
[Black "Cakl, Zdenek"]
[Result "1/2-1/2"]
[WhiteElo "2170"]
[BlackElo "2139"]
[PlyCount "51"]
[EventDate "2004.??.??"]
[EventType "corr"]
[SourceDate "2004.06.03"]

1. e4 c5 2. Nf3 Nc6 3. d4 cxd4 4. Nxd4 d6 5. Nc3 g6 6. Be3 Bg7 7. f3 Nf6 8. Qd2
O-O 9. Bc4 Bd7 10. O-O-O Rc8 11. Bb3 Ne5 12. Kb1 a5 13. a4 Nc4 14. Bxc4 Rxc4
15. g4 Bxa4 16. b3 Rxc3 17. Qxc3 Bd7 18. h4 h5 19. g5 Nh7 20. Qd2 a4 21. Ne2
Qc7 22. Bd4 Bxd4 23. Qxd4 Rc8 24. Rd2 Nf8 25. Rc1 Ne6 26. Qb4 1/2-1/2

[Event "6MCR_4D_1L_4S"]
[Site "?"]
[Date "2004.??.??"]
[Round "?"]
[White "Trita, Stanislav"]
[Black "Glaser, Karel"]
[Result "1/2-1/2"]
[WhiteElo "2170"]
[BlackElo "2104"]
[PlyCount "65"]
[EventDate "2004.??.??"]
[EventType "corr"]
[SourceDate "2004.06.03"]

1. e4 e5 2. Nf3 Nc6 3. Bb5 a6 4. Ba4 Nf6 5. O-O Be7 6. Re1 b5 7. Bb3 O-O 8. c3
d6 9. h3 Bb7 10. d4 Re8 11. a4 Qd7 12. Nbd2 Bf8 13. axb5 axb5 14. Rxa8 Bxa8 15.
d5 Ne7 16. Nf1 h6 17. Ng3 c6 18. dxc6 Bxc6 19. Nh2 Ra8 20. Ng4 Nxg4 21. hxg4
Ra1 22. g5 hxg5 23. Qh5 d5 24. Qxg5 Qd6 25. Rd1 d4 26. cxd4 exd4 27. Kh2 Qh6+
28. Qxh6 gxh6 29. Nh5 d3 30. f3 Ng6 31. Nf6+ Kg7 32. Ng4 Kh7 33. Nf6+ 1/2-1/2

[Event "6MCR_4D_1L_4S"]
[Site "?"]
[Date "2004.??.??"]
[Round "?"]
[White "Trita, Stanislav"]
[Black "Jordanek, Jiri"]
[Result "1/2-1/2"]
[WhiteElo "2170"]
[BlackElo "2110"]
[PlyCount "90"]
[EventDate "2004.??.??"]
[EventType "corr"]
[SourceDate "2004.06.03"]

1. e4 c5 2. Nf3 d6 3. d4 cxd4 4. Nxd4 Nf6 5. Nc3 a6 6. Bg5 e6 7. f4 Qb6 8. Qd2
Qxb2 9. Rb1 Qa3 10. f5 Nc6 11. fxe6 fxe6 12. Nxc6 bxc6 13. e5 dxe5 14. Bxf6
gxf6 15. Ne4 Qxa2 16. Rd1 Be7 17. Be2 O-O 18. O-O Ra7 19. Qh6 Qxc2 20. Nxf6+
Bxf6 21. Rxf6 Qc5+ 22. Kh1 Rg7 23. Qh4 Bd7 24. Bxa6 Be8 25. Bc8 Rg6 26. Bxe6+
Kh8 27. Rxf8+ Qxf8 28. Bc4 Rd6 29. Rf1 Qg7 30. Qf2 Bg6 31. Qb6 Qe7 32. h3 Rf6
33. Re1 Kg7 34. Qe3 Qb4 35. Ba2 e4 36. Rb1 Qe7 37. Bc4 h5 38. Ra1 Qe5 39. Ra7+
Bf7 40. Kg1 Kg6 41. Bxf7+ Rxf7 42. Ra4 Rf1+ 43. Kxf1 Qb5+ 44. Kf2 Qxa4 45. Qc5
h4 1/2-1/2

[Event "6MCR_4D_1L_4S"]
[Site "?"]
[Date "2004.??.??"]
[Round "?"]
[White "Trita, Stanislav"]
[Black "Postupa, Pavel"]
[Result "1-0"]
[WhiteElo "2170"]
[BlackElo "1992"]
[PlyCount "35"]
[EventDate "2004.??.??"]
[EventType "corr"]
[SourceDate "2004.06.03"]

1. e4 c5 2. Nf3 e6 3. d4 cxd4 4. Nxd4 Nf6 5. Nc3 d6 6. Be2 a6 7. O-O Qc7 8. f4
Be7 9. Be3 O-O 10. g4 b6 11. g5 Nfd7 12. f5 Ne5 13. f6 Bd8 14. Qe1 Nbd7 15.
fxg7 Kxg7 16. Qh4 Nc5 17. Qh6+ Kg8 18. Rf6 1-0